<?xml version="1.0" encoding="UTF-8"?>
<record
    xmlns:xsi="http://www.w3.org/2001/XMLSchema-instance"
    xsi:schemaLocation="http://www.loc.gov/MARC21/slim http://www.loc.gov/standards/marcxml/schema/MARC21slim.xsd"
    xmlns="http://www.loc.gov/MARC21/slim">

  <leader>01645nam a22005297a 4500</leader>
  <controlfield tag="005">20190912092032.0</controlfield>
  <controlfield tag="008">160302b        xxu||||| |||| 00| 0 spa d</controlfield>
  <datafield tag="020" ind1=" " ind2=" ">
    <subfield code="a">9786075224923</subfield>
  </datafield>
  <datafield tag="041" ind1=" " ind2=" ">
    <subfield code="a">Espa&#xF1;ol</subfield>
  </datafield>
  <datafield tag="082" ind1=" " ind2=" ">
    <subfield code="a">657.45 M538e7</subfield>
  </datafield>
  <datafield tag="100" ind1=" " ind2=" ">
    <subfield code="a">Mend&#xED;vil Escalante, V&#xED;ctor Manuel</subfield>
    <subfield code="9">6060</subfield>
  </datafield>
  <datafield tag="245" ind1=" " ind2=" ">
    <subfield code="a">Elementos de auditor&#xED;a</subfield>
  </datafield>
  <datafield tag="250" ind1=" " ind2=" ">
    <subfield code="a">7 edici&#xF3;n</subfield>
  </datafield>
  <datafield tag="260" ind1=" " ind2=" ">
    <subfield code="a">M&#xE9;xico</subfield>
    <subfield code="b">Cengage Learning</subfield>
    <subfield code="c">2016</subfield>
  </datafield>
  <datafield tag="300" ind1=" " ind2=" ">
    <subfield code="a">232 p&#xE1;ginas </subfield>
  </datafield>
  <datafield tag="650" ind1=" " ind2=" ">
    <subfield code="a">ELEMENTOS DE AUDITOR&#xCD;A</subfield>
    <subfield code="9">6061</subfield>
  </datafield>
  <datafield tag="650" ind1=" " ind2=" ">
    <subfield code="a">CONTADUR&#xCD;A P&#xDA;BLICA</subfield>
    <subfield code="9">5560</subfield>
  </datafield>
  <datafield tag="650" ind1=" " ind2=" ">
    <subfield code="a">NORMAS INTERNACIONALES DE AUDITOR&#xCD;A</subfield>
    <subfield code="9">3028</subfield>
  </datafield>
  <datafield tag="650" ind1=" " ind2=" ">
    <subfield code="a">NORMAS DE INFORMACI&#xD3;N FINANCIERA</subfield>
    <subfield code="9">5562</subfield>
  </datafield>
  <datafield tag="650" ind1=" " ind2=" ">
    <subfield code="a">&#xC1;REAS DE RIESGO</subfield>
    <subfield code="9">6062</subfield>
  </datafield>
  <datafield tag="650" ind1=" " ind2=" ">
    <subfield code="a">CONTROL INTERNO</subfield>
    <subfield code="9">762</subfield>
  </datafield>
  <datafield tag="650" ind1=" " ind2=" ">
    <subfield code="a">C&#xC9;DULAS DE AUDITOR&#xCD;A</subfield>
    <subfield code="9">6063</subfield>
  </datafield>
  <datafield tag="650" ind1=" " ind2=" ">
    <subfield code="a">EXAMEN DE LAS CUENTAS</subfield>
    <subfield code="9">6064</subfield>
  </datafield>
  <datafield tag="650" ind1=" " ind2=" ">
    <subfield code="a">ACTIVOS</subfield>
    <subfield code="9">2667</subfield>
  </datafield>
  <datafield tag="650" ind1=" " ind2=" ">
    <subfield code="a">EFECTIVO</subfield>
    <subfield code="9">6065</subfield>
  </datafield>
  <datafield tag="650" ind1=" " ind2=" ">
    <subfield code="a">INVERSIONES </subfield>
    <subfield code="9">1453</subfield>
  </datafield>
  <datafield tag="650" ind1=" " ind2=" ">
    <subfield code="a">INSTRUMENTOS FINANCIEROS</subfield>
    <subfield code="9">6066</subfield>
  </datafield>
  <datafield tag="650" ind1=" " ind2=" ">
    <subfield code="a">CUENTAS POR COBRAR</subfield>
    <subfield code="9">4411</subfield>
  </datafield>
  <datafield tag="650" ind1=" " ind2=" ">
    <subfield code="a">INVENTARIOS</subfield>
    <subfield code="9">1923</subfield>
  </datafield>
  <datafield tag="650" ind1=" " ind2=" ">
    <subfield code="a">CARGOS DIFERIDOS</subfield>
    <subfield code="9">6067</subfield>
  </datafield>
  <datafield tag="650" ind1=" " ind2=" ">
    <subfield code="a">PASIVOS</subfield>
    <subfield code="9">2668</subfield>
  </datafield>
  <datafield tag="650" ind1=" " ind2=" ">
    <subfield code="a">GASTOS ACUMULADOS</subfield>
    <subfield code="9">6068</subfield>
  </datafield>
  <datafield tag="650" ind1=" " ind2=" ">
    <subfield code="a">CR&#xC9;DITOS DIFERIDOS</subfield>
    <subfield code="9">6069</subfield>
  </datafield>
  <datafield tag="650" ind1=" " ind2=" ">
    <subfield code="a">CONTINGENCIAS </subfield>
    <subfield code="9">6070</subfield>
  </datafield>
  <datafield tag="650" ind1=" " ind2=" ">
    <subfield code="a">CAPITAL CONTABLE</subfield>
    <subfield code="9">2669</subfield>
  </datafield>
  <datafield tag="650" ind1=" " ind2=" ">
    <subfield code="a">CUENTAS DE RESULTADOS</subfield>
    <subfield code="9">6071</subfield>
  </datafield>
  <datafield tag="650" ind1=" " ind2=" ">
    <subfield code="a">VENTAS NETAS </subfield>
    <subfield code="9">6072</subfield>
  </datafield>
  <datafield tag="650" ind1=" " ind2=" ">
    <subfield code="a">COSTO DE VENTAS</subfield>
    <subfield code="9">6073</subfield>
  </datafield>
  <datafield tag="650" ind1=" " ind2=" ">
    <subfield code="a">GASTOS GENERALES </subfield>
    <subfield code="9">6074</subfield>
  </datafield>
  <datafield tag="650" ind1=" " ind2=" ">
    <subfield code="a">IMPUESTO SOBRE LA RENTA</subfield>
    <subfield code="9">6075</subfield>
  </datafield>
  <datafield tag="650" ind1=" " ind2=" ">
    <subfield code="a">CUENTAS DE ORDEN</subfield>
    <subfield code="9">6076</subfield>
  </datafield>
  <datafield tag="650" ind1=" " ind2=" ">
    <subfield code="a">DICTAMEN</subfield>
    <subfield code="9">5033</subfield>
  </datafield>
  <datafield tag="650" ind1=" " ind2=" ">
    <subfield code="a">SALVEDADES </subfield>
    <subfield code="9">6077</subfield>
  </datafield>
  <datafield tag="650" ind1=" " ind2=" ">
    <subfield code="a">DENEGACION DE OPINI&#xD3;N</subfield>
    <subfield code="9">6078</subfield>
  </datafield>
  <datafield tag="650" ind1=" " ind2=" ">
    <subfield code="a">INFORME LARGO</subfield>
    <subfield code="9">6079</subfield>
  </datafield>
  <datafield tag="942" ind1=" " ind2=" ">
    <subfield code="c">BK</subfield>
  </datafield>
  <datafield tag="999" ind1=" " ind2=" ">
    <subfield code="c">7747</subfield>
    <subfield code="d">7747</subfield>
  </datafield>
  <datafield tag="952" ind1=" " ind2=" ">
    <subfield code="1">0</subfield>
    <subfield code="4">0</subfield>
    <subfield code="7">0</subfield>
    <subfield code="a">BACB</subfield>
    <subfield code="b">BACB</subfield>
    <subfield code="o">657.45 M538e7</subfield>
    <subfield code="p">20669</subfield>
    <subfield code="w">2016-03-02</subfield>
    <subfield code="y">BK</subfield>
  </datafield>
  <datafield tag="952" ind1=" " ind2=" ">
    <subfield code="1">0</subfield>
    <subfield code="4">0</subfield>
    <subfield code="7">0</subfield>
    <subfield code="a">BACB</subfield>
    <subfield code="b">BACB</subfield>
    <subfield code="o">657.45 M538e7</subfield>
    <subfield code="p">20670</subfield>
    <subfield code="w">2016-03-02</subfield>
    <subfield code="y">BK</subfield>
  </datafield>
  <datafield tag="952" ind1=" " ind2=" ">
    <subfield code="1">0</subfield>
    <subfield code="4">0</subfield>
    <subfield code="7">0</subfield>
    <subfield code="a">BACB</subfield>
    <subfield code="b">BACB</subfield>
    <subfield code="o">657.45 M538e7</subfield>
    <subfield code="p">20671</subfield>
    <subfield code="w">2016-03-02</subfield>
    <subfield code="y">BK</subfield>
  </datafield>
  <datafield tag="952" ind1=" " ind2=" ">
    <subfield code="1">0</subfield>
    <subfield code="4">0</subfield>
    <subfield code="7">0</subfield>
    <subfield code="a">BACB</subfield>
    <subfield code="b">BACB</subfield>
    <subfield code="o">657.45 M538e7</subfield>
    <subfield code="p">24403</subfield>
    <subfield code="w">2019-05-27</subfield>
    <subfield code="y">BK</subfield>
  </datafield>
  <datafield tag="952" ind1=" " ind2=" ">
    <subfield code="1">0</subfield>
    <subfield code="4">0</subfield>
    <subfield code="7">0</subfield>
    <subfield code="a">BACB</subfield>
    <subfield code="b">BACB</subfield>
    <subfield code="o">657.45 M538e7</subfield>
    <subfield code="p">24404</subfield>
    <subfield code="w">2019-06-04</subfield>
    <subfield code="y">BK</subfield>
  </datafield>
</record>
